| 000 | 00502nam a2200169 a 4500 | ||
|---|---|---|---|
| 005 | 20140310183210.0 | ||
| 008 | 030424s19uu xx 00 eng d | ||
| 050 |
_aRC 86.7 _b.B255 1991 |
||
| 100 | _aBarker, Maryl | ||
| 245 |
_aMedical Emergency : _bMedic First Aid / _cMaryl Barker. |
||
| 260 |
_aDanebo Ave. : _bEMP America, _c1991. |
||
| 300 |
_a44 p. : _bill. col. ; _c22 cm. |
||
| 521 | _aNUR | ||
| 650 |
_aEmergency medical services _xresource guides. |
||
| 942 |
_cBK _2lcc _kFOR |
||
| 999 |
_c20094 _d20094 |
||